La Compañía de Jesús y su proyección mediática en el mundo hispánico durante la Edad Moderna

Guardat en:
Dades bibliogràfiques
Autor principal: Betrán, José Luis (Autor)
Format: Llibre
Idioma:espanyol
Publicat: Madrid Sílex Ediciones S. L 2010
Edició:1a. ed
Matèries:
Etiquetes: Afegir etiqueta
Sense etiquetes, Sigues el primer a etiquetar aquest registre!

MARC

LEADER 00000cam a2200000 a 4500
001 UCD5221
003 CL-VaPUC
008 160819e20100000sp |||||||||||||||||spa|d
020 |a 9788477372905 
082 0 4 |a 271.53  |b BET  |2 21 
100 0 |a Betrán, José Luis  |e author  |9 588950 
245 1 3 |a La Compañía de Jesús y su proyección mediática en el mundo hispánico durante la Edad Moderna 
250 |a 1a. ed 
300 |a 343 p 
942 |c BK 
945 |d 20160819 12:52:00  |a dcastane 
260 |a Madrid  |b Sílex Ediciones S. L  |c 2010 
600 0 7 |a COMPAÑIA DE JESUS  |2 CL-VaPUC  |9 318179 
650 7 |a HISTORIA DE LOS JESUITAS  |2 CL-VaPUC  |9 476410 
650 0 |a Misiones jesuitas  |9 268367 
650 7 |a MISIONEROS JESUITAS  |2 CL-VaPUC  |9 504665 
650 0 |a Jesuitas  |9 268366 
583 |a last modification  |c 20160819 12:52:00  |k Rodrigo Vera 
999 |c 365950  |d 365948 
952 |0 0  |1 0  |3 erb  |4 0  |6 271_530000000000000_BET_2010  |7 0  |8 A  |9 479928  |a BIBHIS  |b BIBHIS  |i 5337917  |o 271.53 BET 2010  |p 5337917  |r 2025-01-20  |w 2019-11-24  |y BK  |z Catalogado en:20160819  |k HIS 
952 |0 0  |1 0  |3 erb  |4 0  |6 271_530000000000000_BET_2010  |7 0  |8 A  |9 479929  |a BIBHIS  |b BIBHIS  |i 550886K  |o 271.53 BET 2010  |p 550886K  |r 2025-01-20  |w 2019-11-24  |y BK  |z Catalogado en:20181021  |k HIS